01521nam a2200265 a 450000100100000000500170001000800410002704000250006808200170009310000270011024501800013726000370031730000300035450000770038460000510046165000440051265000470055604900090060395201300061295201300074295201300087295201150100295201210111799900170123800001886920210203220724.0100520s2007 dr c 000 0 spa d aDO-SdBNPbspacBNPHU a320.5bC352e1 aCastillo, Henry94064810aEntrevista a Leonel Fernández :btiene poco sentido proclamarse de izquierda o de derecha, lo importante es sintonizar con las aspiraciones de la sociedad /cHenry Castillo. aSanto Domingo :bCagrull,c2007. a39 p. :bretrs. ;c22 cm. aIncluye datos biográficos del autor en la solapa de la contracubierta.10aFernandez , Leonel, 1953-xEntrevistas940649 4aLideres políticosxEntrevistas940650 4aIntelectualesxActividad política934415 aBNPD 001054708DSaGRbGRcHDd2011-02-21iLF1l0o320.5 C352ep18869-30r2020-06-25te. 3w2020-06-25yLFDSZPréstamo en sala 001054708DSaGRbGRcHDd2011-02-21iLF1l0o320.5 C352ep18869-40r2020-06-25te. 4w2020-06-25yLFDSZPréstamo en sala 001054708DSaGRbGRcHDd2011-02-21iLF1l0o320.5 C352ep18869-50r2020-06-25te. 5w2020-06-25yLFDSZPréstamo en sala 0010718PDaPDbPDcHDd2010-05-20iLF1l0o320.5 C352ep18869-10r2020-06-25w2020-06-25yLFPDZNo se presta 0010718PDaPDbPDcHDd2010-05-20iLF1l0o320.5 C352ep18869-20r2020-06-25te. 2w2020-06-25yLFPDZNo se presta c18388d18388